La enseñanza técnica y profesional inicial y la adquisción de cualificaciones en el Reino Unido (Registro nro. 22615)
[ vista simple ]
| 000 -LEADER | |
|---|---|
| fixed length control field | 00404 a2200109 4500 |
| 001 - CONTROL NUMBER | |
| control field | ART_4739 |
| 005 - DATE AND TIME OF LATEST TRANSACTION | |
| control field | 20260410161824.0 |
| 008 - FIXED-LENGTH DATA ELEMENTS--GENERAL INFORMATION | |
| fixed length control field | 260409a |
| 100 1# - MAIN ENTRY--PERSONAL NAME | |
| Personal name | Ashton, David |
| 245 10 - TITLE STATEMENT | |
| Title | La enseñanza técnica y profesional inicial y la adquisción de cualificaciones en el Reino Unido |
| 773 0# - HOST ITEM ENTRY | |
| Title | Revista de trabajo |
| Related parts | Formación profesional - Año 1, Nº 1 (mar./abr. 1994) |
| Record control number | REV4713 |
No hay ítems disponibles.